000 00994cam a2200289 a 4500
001 15799697
003 ARRUPE
005 20130924133010.0
008 090701s2009 nyu b 001 0 eng
010 _a 2009024770
020 _a9781594202353
040 _aDLC
_cDLC
_dDLC
043 _an-us---
050 0 0 _aHD9696.8.U64
_bG6623 2009
100 1 _aAuletta, Ken.
_9953
245 1 0 _aGoogled :
_bthe end of the world as we know it /
_cKen Auletta.
260 _aNew York :
_bPenguin Press,
_c2009.
300 _axiv, 384 p. ;
_c25 cm.
505 0 _a
610 2 0 _aGoogle (Firm)
_9954
650 0 _aInternet industry
_zUnited States.
_9955
650 0 _aWeb search engines
_zUnited States
_xHistory.
_9956
650 0 _aInternet searching.
_9957
906 _a7
_bcbc
_corignew
_d1
_eecip
_f20
_gy-gencatlg
942 _2lcc
_cMONOGRAPH
999 _c117963
_d117963